Statystyki dla Miasta powiatu wołomińskiego

Kliknij tutaj aby rozwiązać quiz!

Ogólne statystyki

  • Ten quiz został rozwiązany 55 razy
  • Średni wynik to 6 z 8

Statystyki odpowiedzi

PopulacjaMiasto% Poprawnych
42 150Wołomin
100%
44 325Ząbki
98%
24 414Kobyłka
91%
43 164Marki
89%
18 179Zielonka
86%
8 002Tłuszcz
75%
13 407Radzymin
70%
934Jadów
27%

Rozkład punktacji

Percentyl według liczby udzielonych odpowiedzi

Procent ludzi z każdym wynikiem

Twoja historia wyników

Nie rozwiązałeś tego quizu